| 000 | | | 04299nmc2a22000003x 450 |
| 001 | | | 2dd4fa1e-bc37-4c60-ab28-2fc2aa46a55f |
| 005 | | | 20180911194409.0 |
| 100 | ## | $a | 20160323l18731874k l0rusy0189 ca |
| 101 | 0# | $a | rus |
| 102 | ## | $a | RU |
| 200 | 1# | $a | Дело по отношению президента Императорской Академии наук об окончании содействия к приобретению от барона Китлица собрания рисунков рыб |
| | $j | 30 ноября 1873 г. - 4 января 1874 г. |
| 251 | ## | $c | Дело |
| 300 | ## | $a | Дело |
| 300 | ## | $a | Ориг. заголовок дела: Дело по отношению президента Императорской Академии наук об оказании содействия к приобретению от барона Китлица собрания рисунков рыб. 30 ноября 1873 г. - 4 января 1874 г |
| 801 | #0 | $a | RU |
| | $b | РГИА |
| | $c | 20160323 |
| | $g | RCR |
| 801 | #1 | $a | RU |
| | $b | ГлавНИВЦ |
| | $c | 20160323 |
| | $2 | rusmarc |
| 801 | #2 | $a | RU |
| | $b | ПБ им. Б.Н. Ельцина |
| | $c | 20180911 |
| | $g | RCR |
| | $2 | rusmarc |
| 850 | ## | $a | РГИА |
| 852 | ## | $a | РГИА |
| | $e | Федеральное казенное учреждение "Российский государственный исторический архив" (РГИА) |
| | $j | 547 |
| 937 | ## | $h | РГИА |
| | $d | 12193451 |
| | $a | ASBIBLIO_SCAN |
| 462 | #0 | $1 | 001bddc07d4-03e3-4f2f-a715-f0b0b4a2fdca |
| | $1 | 2001 |
| | $a | Дела по ученым учреждениям Департамента народного просвещения за 1863-1895 гг. |
| | $1 | 251 |
| | $c | Опись |
| | $1 | 852 |
| | $j | 142 |
| 461 | #0 | $1 | 001a74412a3-3cc5-4d21-8f0a-dfe2fbd9e72d |
| | $1 | 2001 |
| | $a | Департамент народного просвещения Министерства народного просвещения (1803-1917) |
| | $1 | 251 |
| | $c | Фонд |
| | $1 | 852 |
| | $j | 733 |
| 215 | ## | $a | 8 л. |
| | $d | 36,5х26 см |
| 371 | ## | $a | Документ не является опубликованным и широко распространяемым |
| 105 | ## | $a | y### |
| 122 | 2# | $a | d |
| 517 | 1# | $a | Дело по отношению президента Императорской Академии наук об оказании содействия к приобретению от барона Китлица собрания рисунков рыб. 30 ноября 1873 г. - 4 января 1874 г |
| 035 | ## | $a | 2dd4fa1e-bc37-4c60-ab28-2fc2aa46a55f |
| 856 | ## | $u | http://readingroom.main.prlib.ru/item.aspx?id_node=n118577206&mode=full |